000086246 001__ 86246
000086246 005__ 20191128095713.0
000086246 0248_ $$2sideral$$a114276
000086246 037__ $$aART-2018-114276
000086246 041__ $$aspa
000086246 100__ $$0(orcid)0000-0001-6839-2803$$aÁlvarez Soria, Ignacio Jesús$$uUniversidad de Zaragoza
000086246 245__ $$aEl santuario de Delos y la construcción de la identidad en el Egeo
000086246 260__ $$c2018
000086246 5060_ $$aAccess copy available to the general public$$fUnrestricted
000086246 5203_ $$aEl santuario de Delos fue un factor esencial en la creación y manifestación de la identidad en el Egeo, puesto que en él, las comunidades y habitantes de este mar encontraron el espacio ideal para establecer relaciones y competir de forma pacífica entre ellos. Al mismo tiempo, el santuario de Delos fue el objeto de las ambiciones de las diferentes potencias que trataron de imponerse sobre las comunidades que allí se reunían, quedando enmarcado en el relato étnico jonio y experimentando cambios que adulteraron su naturaleza temporalmente. Sin embargo, a partir del siglo III a.C. el santuario recuperó parte de su configuración original, convirtiéndose en un lugar de confluencia de comunidades diversas; no obstante, tanto el santuario como el culto de Apolo Delio siguieron siendo utilizados con fines políticos por parte de quienes trataron de controlar el área del Egeo, aunque lo fueron de forma mucho menos agresiva que en siglos anteriores.
000086246 540__ $$9info:eu-repo/semantics/openAccess$$aby-nc-nd$$uhttp://creativecommons.org/licenses/by-nc-nd/3.0/es/
000086246 655_4 $$ainfo:eu-repo/semantics/article$$vinfo:eu-repo/semantics/publishedVersion
000086246 7102_ $$13000$$2445$$aUniversidad de Zaragoza$$bDpto. Ciencias de la Antigüed.$$cÁrea Historia Antigua
000086246 773__ $$g1, 7 (2018), 121-134$$pAntesteria$$tAntesteria$$x2254-1683
000086246 8564_ $$s189049$$uhttps://zaguan.unizar.es/record/86246/files/texto_completo.pdf$$yVersión publicada
000086246 8564_ $$s115480$$uhttps://zaguan.unizar.es/record/86246/files/texto_completo.jpg?subformat=icon$$xicon$$yVersión publicada
000086246 909CO $$ooai:zaguan.unizar.es:86246$$particulos$$pdriver
000086246 951__ $$a2019-11-27-15:44:26
000086246 980__ $$aARTICLE